MARC details
| 000 -BAŞLIK |
| Sabit Uzunlukta Kontrol Alanı |
01155nam a22002897a 4500 |
| 999 ## - SİSTEM KONTROL NUMARALARI (KOHA) |
| Koha Biblionumber |
12707 |
| Koha Biblioitemnumber |
12707 |
| 003 - KONTROL NUMARASI IDENTIFIER |
| Denetim Alanı |
MIRAKIL |
| 005 - SON İŞLEM TARİHİ VE ZAMANI |
| Denetim Alanı |
20190207105017.0 |
| 008 - SABİT-BOY VERİ ELEMANLARI - GENEL BİLGİLER |
| Sabit Uzunlukta Kontrol Alanı |
190207b tu ||||| |||| 00| 0 tur d |
| 020 ## - ULUSLARARASI STANDART KİTAP NUMARASI |
| Uluslararası Standart Kitap Numarası |
9786053994756 |
| 040 ## - KATALOGLAMA KAYNAK |
| Orijinal Kataloglama Ajansı |
TR-AnCHP |
| Metne Dönüştürmek Ajansı |
TR-AnCHP |
| 041 ## - DİL KODU |
| Metin / Ses Parça Veya Ayrı Başlığın Dil Kodu |
tur |
| 082 ## - DEWEY ONLU SINIFLANDIRMA NUMARASI |
| Sınıflandırma Numarası |
956.101543 |
| Ürün Numarası |
A35j 2017 |
| 100 ## - ANA GİRİŞ - KİŞİSEL İSİM |
| Kişisel Ad |
Ahmad, Feroz |
| 245 10 - BAŞLIK TABLOSU |
| Başlık |
Jön Türkler ve Osmanlı'da milletler : |
| Başlığın Kalan |
Ermeniler, Rumlar, Arnavutlar, Yahudiler ve Araplar / |
| Sorumluluk Tablosu, Vb |
Feroz Ahmad ; çeviren: Ayşen Gür |
| 246 ## - UNVAN FORM VARYING |
| Başlık Doğru / Kısa Başlığı |
Ermeniler, Rumlar, Arnavutlar, Yahudiler ve Araplar |
| 260 ## - YAYIN, DAĞITIM, VB |
| Yayın, Dağıtım, Vb Yeri |
İstanbul: |
| Yayıncı, Dağıtıcı, Vs Adı |
İstanbul Bilgi Üniversitesi Yayınları, |
| Yayın, Dağıtım, Vb Tarihi |
2017. |
| 300 ## - FİZİKSEL TANIM |
| Kapsam |
211 s. |
| Diğer Fiziksel Ayrıntıları |
fotğ.; |
| Boyutlar |
23 sm. |
| 490 0# - SERİSİ TABLOSU |
| Seri Beyanı |
İstanbul Bilgi Üniversitesi Yayınları, |
| -- |
Tarih, |
| Hacim / Ardışık Tanımı |
584. |
| -- |
62. |
| 504 ## - KAYNAKÇA VB NOT |
| Kaynakça Vb Notu |
Kaynakça ve dizin vardır. |
| 600 #0 - KONU KATMA GİRİŞ - KURUMSAL ADI |
| 9 (RLIN) |
5146 |
| Kişisel Ad |
İttihat ve Terakki Cemiyeti |
| 650 #0 - KONU KATMA GİRİŞ - TOPİKAL DÖNEM |
| 9 (RLIN) |
924 |
| Topikal Süreli Veya Coğrafi Ad Giriş Elemanı |
Türkiye |
| Genel Alt Bölümü |
Siyaset ve yönetim |
| Kronolojik Alt Bölümü |
1909-1918 |
| 650 #0 - KONU KATMA GİRİŞ - TOPİKAL DÖNEM |
| 9 (RLIN) |
4 |
| Topikal Süreli Veya Coğrafi Ad Giriş Elemanı |
Türkiye |
| Genel Alt Bölümü |
Tarih |
| -- |
Özerklik ve bağımsızlık hareketleri |
| 650 #0 - KONU KATMA GİRİŞ - TOPİKAL DÖNEM |
| 9 (RLIN) |
678 |
| Topikal Süreli Veya Coğrafi Ad Giriş Elemanı |
Milliyetçilik |
| Genel Alt Bölümü |
Türkiye |
| -- |
Tarih |
| Kronolojik Alt Bölümü |
20 yy. |
| 700 1# - KATMA GİRİŞ - KİŞİSEL İSİM |
| 9 (RLIN) |
3000 |
| Kişisel Ad |
Gür, Ayşen |
| Relator Terim |
çev. |
| 740 ## - KATMA GİRİŞ - KONTROLSUZ İLGİLİ / ANALİTİK BAŞLIK |
| Kontrol Edilmeyen / İlgili Analitik Başlıktaki |
Ermeniler, Rumlar, Arnavutlar, Yahudiler ve Araplar |
| 942 ## - EKLENDİ GİRİŞ ELEMANLARI (KOHA) |
| Sınıflandırma Veya Raf Düzeni Kaynak |
Dewey Decimal Classification |
| Koha Öğesi Türü |
Books |